000 005670000a22001690004500
003 MACL
005 20160514130537.0
008 160514b xxu||||| |||| 00| 0 eng d
040 _aMACL
_cmacl
041 _aHindi
082 _a891.433 CHO
100 _aचौहान, त्रेपन सिंह
_957011
245 _aदरवाजे के पीछे
_cत्रेपन सिंह चौहान
260 _aनई दिल्‍ली
_bयश पब्लिकेशन्‍स
_c2009
350 _a185
942 _cHIN
_k891.433/CHU/S
_2ddc
999 _c46904
_d46904